| 000 -LEADER |
| fixed length control field |
02326nam a2200277 a 4500 |
| 001 - CONTROL NUMBER |
| control field |
ASIN0198529627 |
| 005 - DATE AND TIME OF LATEST TRANSACTION |
| control field |
20170105102925.0 |
| 008 - FIXED-LENGTH DATA ELEMENTS--GENERAL INFORMATION |
| fixed length control field |
131211s2008 xxu eng d |
| 020 ## - INTERNATIONAL STANDARD BOOK NUMBER |
| International Standard Book Number |
0198529627 (paperback) |
| Terms of availability |
$85.00 |
| 020 ## - INTERNATIONAL STANDARD BOOK NUMBER |
| International Standard Book Number |
9780198529620 (paperback) |
| 040 ## - CATALOGING SOURCE |
| Original cataloging agency |
0 |
| 050 04 - LIBRARY OF CONGRESS CALL NUMBER |
| Classification number |
BF637.N66 |
| 082 04 - DEWEY DECIMAL CLASSIFICATION NUMBER |
| Classification number |
152.384 |
| Author Mark |
NEW 2008 |
| 245 00 - TITLE STATEMENT |
| Title |
New handbook of methods in nonverbal behavior research / |
| Statement of responsibility, etc. |
Jinni Harrigan, Robert Rosenthal, Klaus Scherer. |
| 250 ## - EDITION STATEMENT |
| Edition statement |
1st ed. |
| 260 ## - PUBLICATION, DISTRIBUTION, ETC. |
| Place of publication, distribution, etc. |
[S.l.] : |
| Name of publisher, distributor, etc. |
Oxford University Press, USA, |
| Date of publication, distribution, etc. |
2008. |
| 300 ## - PHYSICAL DESCRIPTION |
| Extent |
536 p. ; |
| Dimensions |
24 cm. |
| 490 1# - SERIES STATEMENT |
| Series statement |
Series in affective science. |
| 520 ## - SUMMARY, ETC. |
| Summary, etc. |
For many years the Handbook of Methods in Nonverbal Behavior Research (Scherer & Ekman, 1982) has been an invaluable text for researchers looking for methods to study nonverbal behavior and the expression of affect. A successor to this essential text, The New Handbook of Methods in Nonverbal Behavior Research includes chapters on coding and methodological issues for a variety of areas in nonverbal behavior: facial actions, vocal behavior, and body movement. Issues relevant to judgment studies, methodology, reliability, analyses, etc. have also been updated. The topics are broad and include specific information about methodology and coding strategies in education, psychotherapy, deception, nonverbal sensitivity, and marital and group behavior. There is also a chapter detailing specific information on the technical aspects of recording the voice and face, and specifically in relation to deception studies. This volume will be valuable for both new researchers and those already working in the fields of nonverbal behavior, affect expression, and related topics. It will play a central role in further refining research methods and coding strategies, allowing a comparison of results from various laboratories where research on nonverbal behavior is being conducted. This will advance research in the field and help to coordinate results so that a more comprehensive understanding of affect expression can be developed. |
| 700 1# - ADDED ENTRY--PERSONAL NAME |
| Personal name |
Harrigan, Jinni. |
| 700 1# - ADDED ENTRY--PERSONAL NAME |
| Personal name |
Rosenthal, Robert. |
| 700 1# - ADDED ENTRY--PERSONAL NAME |
| Personal name |
Scherer, Klaus. |
| 830 #0 - SERIES ADDED ENTRY--UNIFORM TITLE |
| Uniform title |
Series in affective science. |
| 856 40 - ELECTRONIC LOCATION AND ACCESS |
| Materials specified |
Amazon.com |
| Uniform Resource Identifier |
<a href="http://www.amazon.com/exec/obidos/ASIN/0198529627/chopaconline-20">http://www.amazon.com/exec/obidos/ASIN/0198529627/chopaconline-20</a> |
| 942 ## - ADDED ENTRY ELEMENTS (KOHA) |
| Source of classification or shelving scheme |
|
| Koha item type |
Book |